<?xml version="1.0" encoding="UTF-8"?>
<record
    xmlns:xsi="http://www.w3.org/2001/XMLSchema-instance"
    xsi:schemaLocation="http://www.loc.gov/MARC21/slim http://www.loc.gov/standards/marcxml/schema/MARC21slim.xsd"
    xmlns="http://www.loc.gov/MARC21/slim">

  <leader>02350nam0a2200349   4500</leader>
  <controlfield tag="001">RU\NLR\BIBL_A\016230642</controlfield>
  <controlfield tag="005">20230202111019.0</controlfield>
  <datafield tag="010" ind1=" " ind2=" ">
    <subfield code="a">978-5-04-173525-8</subfield>
    <subfield code="9">4000</subfield>
  </datafield>
  <datafield tag="021" ind1=" " ind2=" ">
    <subfield code="a">RU</subfield>
    <subfield code="b">&#x41A;&#x41D;-&#x41F;-22-080836</subfield>
    <subfield code="9">&#x41A;&#x41D;-&#x41F;-22-7090</subfield>
  </datafield>
  <datafield tag="035" ind1=" " ind2=" ">
    <subfield code="a">(NLR Aleph) 016230642</subfield>
  </datafield>
  <datafield tag="035" ind1=" " ind2=" ">
    <subfield code="a">(RuMoRGB)011375056</subfield>
  </datafield>
  <datafield tag="090" ind1=" " ind2=" ">
    <subfield code="a">12766336</subfield>
    <subfield code="c">12766336</subfield>
  </datafield>
  <datafield tag="100" ind1=" " ind2=" ">
    <subfield code="a">20221207d2022    u  y0rusy50      ca</subfield>
  </datafield>
  <datafield tag="101" ind1="1" ind2=" ">
    <subfield code="a">rus</subfield>
    <subfield code="c">eng</subfield>
  </datafield>
  <datafield tag="102" ind1=" " ind2=" ">
    <subfield code="a">RU</subfield>
  </datafield>
  <datafield tag="105" ind1=" " ind2=" ">
    <subfield code="a">ac||z||||||a|</subfield>
  </datafield>
  <datafield tag="181" ind1=" " ind2="1">
    <subfield code="a">i3</subfield>
    <subfield code="b">axxe  </subfield>
  </datafield>
  <datafield tag="182" ind1=" " ind2="1">
    <subfield code="a">n</subfield>
  </datafield>
  <datafield tag="200" ind1="1" ind2=" ">
    <subfield code="a">&#x41D;&#x43E;&#x447;&#x44C; &#x43D;&#x435;&#x436;&#x43D;&#x430;</subfield>
    <subfield code="e">&#x440;&#x43E;&#x43C;&#x430;&#x43D;</subfield>
    <subfield code="f">&#x424;&#x440;&#x44D;&#x43D;&#x441;&#x438;&#x441; &#x421;&#x43A;&#x43E;&#x442;&#x442; &#x424;&#x438;&#x446;&#x434;&#x436;&#x435;&#x440;&#x430;&#x43B;&#x44C;&#x434;</subfield>
    <subfield code="g">&#x43F;&#x435;&#x440;&#x435;&#x432;&#x43E;&#x434; &#x441; &#x430;&#x43D;&#x433;&#x43B;&#x438;&#x439;&#x441;&#x43A;&#x43E;&#x433;&#x43E; &#x421;. &#x418;&#x43B;&#x44C;&#x438;&#x43D;&#x430;</subfield>
  </datafield>
  <datafield tag="203" ind1=" " ind2=" ">
    <subfield code="a">&#x422;&#x435;&#x43A;&#x441;&#x442;</subfield>
    <subfield code="b">&#x432;&#x438;&#x437;&#x443;&#x430;&#x43B;&#x44C;&#x43D;&#x44B;&#x439;</subfield>
    <subfield code="c">&#x43D;&#x435;&#x43F;&#x43E;&#x441;&#x440;&#x435;&#x434;&#x441;&#x442;&#x432;&#x435;&#x43D;&#x43D;&#x44B;&#x439;</subfield>
  </datafield>
  <datafield tag="210" ind1=" " ind2=" ">
    <subfield code="a">&#x41C;&#x43E;&#x441;&#x43A;&#x432;&#x430;</subfield>
    <subfield code="c">&#x42D;&#x43A;&#x441;&#x43C;&#x43E;</subfield>
    <subfield code="d">2022</subfield>
  </datafield>
  <datafield tag="215" ind1=" " ind2=" ">
    <subfield code="a">396, [2] &#x441;.</subfield>
    <subfield code="c">&#x438;&#x43B;., &#x43F;&#x43E;&#x440;&#x442;&#x440;.</subfield>
    <subfield code="d">22</subfield>
  </datafield>
  <datafield tag="225" ind1="1" ind2=" ">
    <subfield code="a">&#x42D;&#x43B;&#x435;&#x433;&#x430;&#x43D;&#x442;&#x43D;&#x430;&#x44F; &#x43A;&#x43B;&#x430;&#x441;&#x441;&#x438;&#x43A;&#x430;</subfield>
  </datafield>
  <datafield tag="330" ind1=" " ind2=" ">
    <subfield code="a">"&#x41D;&#x43E;&#x447;&#x44C; &#x43D;&#x435;&#x436;&#x43D;&#x430;" - &#x443;&#x434;&#x438;&#x432;&#x438;&#x442;&#x435;&#x43B;&#x44C;&#x43D;&#x43E; &#x442;&#x43E;&#x43D;&#x43A;&#x438;&#x439; &#x438; &#x433;&#x43B;&#x443;&#x431;&#x43E;&#x43A;&#x43E; &#x43F;&#x441;&#x438;&#x445;&#x43E;&#x43B;&#x43E;&#x433;&#x438;&#x447;&#x43D;&#x44B;&#x439; &#x440;&#x43E;&#x43C;&#x430;&#x43D; &#x430;&#x43C;&#x435;&#x440;&#x438;&#x43A;&#x430;&#x43D;&#x441;&#x43A;&#x43E;&#x433;&#x43E; &#x43A;&#x43B;&#x430;&#x441;&#x441;&#x438;&#x43A;&#x430;, &#x43A;&#x43E;&#x442;&#x43E;&#x440;&#x44B;&#x439; &#x43C;&#x43D;&#x43E;&#x433;&#x438;&#x435; &#x43A;&#x440;&#x438;&#x442;&#x438;&#x43A;&#x438; &#x441;&#x442;&#x430;&#x432;&#x44F;&#x442; &#x434;&#x430;&#x436;&#x435; &#x432;&#x44B;&#x448;&#x435; "&#x412;&#x435;&#x43B;&#x438;&#x43A;&#x43E;&#x433;&#x43E; &#x413;&#x44D;&#x442;&#x441;&#x431;&#x438;", &#x430; &#x441;&#x430;&#x43C; &#x430;&#x432;&#x442;&#x43E;&#x440; &#x43D;&#x430;&#x437;&#x44B;&#x432;&#x430;&#x43B; "&#x441;&#x430;&#x43C;&#x44B;&#x43C; &#x43B;&#x44E;&#x431;&#x438;&#x43C;&#x44B;&#x43C; &#x441;&#x432;&#x43E;&#x438;&#x43C; &#x43F;&#x440;&#x43E;&#x438;&#x437;&#x432;&#x435;&#x434;&#x435;&#x43D;&#x438;&#x435;&#x43C;". &#x418; &#x44D;&#x442;&#x43E; &#x43D;&#x435; &#x441;&#x43B;&#x443;&#x447;&#x430;&#x439;&#x43D;&#x43E;: &#x43A;&#x43D;&#x438;&#x433;&#x430; &#x43F;&#x43E;&#x43B;&#x443;&#x447;&#x438;&#x43B;&#x430;&#x441;&#x44C; &#x432;&#x43E; &#x43C;&#x43D;&#x43E;&#x433;&#x43E;&#x43C; &#x430;&#x432;&#x442;&#x43E;&#x431;&#x438;&#x43E;&#x433;&#x440;&#x430;&#x444;&#x438;&#x447;&#x43D;&#x43E;&#x439; - &#x424;&#x438;&#x446;&#x434;&#x436;&#x435;&#x440;&#x430;&#x43B;&#x44C;&#x434; &#x43E;&#x43F;&#x438;&#x441;&#x430;&#x43B; &#x432; &#x43D;&#x435;&#x439; &#x43E;&#x431;&#x43E;&#x440;&#x43E;&#x442;&#x43D;&#x443;&#x44E; &#x441;&#x442;&#x43E;&#x440;&#x43E;&#x43D;&#x443; &#x441;&#x432;&#x43E;&#x435;&#x439; &#x432;&#x43D;&#x435;&#x448;&#x43D;&#x435; &#x440;&#x43E;&#x441;&#x43A;&#x43E;&#x448;&#x43D;&#x43E;&#x439; &#x436;&#x438;&#x437;&#x43D;&#x438; &#x441; &#x436;&#x435;&#x43D;&#x43E;&#x439; &#x417;&#x435;&#x43B;&#x44C;&#x434;&#x43E;&#x439;. &#x412;&#x43E;&#x436;&#x434;&#x435;&#x43B;&#x435;&#x43D;&#x43D;&#x430;&#x44F; &#x430;&#x43C;&#x435;&#x440;&#x438;&#x43A;&#x430;&#x43D;&#x441;&#x43A;&#x430;&#x44F; &#x43C;&#x435;&#x447;&#x442;&#x430;, &#x43E;&#x431;&#x435;&#x440;&#x43D;&#x443;&#x432;&#x448;&#x430;&#x44F;&#x441;&#x44F; &#x43F;&#x43E;&#x434;&#x43B;&#x438;&#x43D;&#x43D;&#x43E;&#x439; &#x442;&#x440;&#x430;&#x433;&#x435;&#x434;&#x438;&#x435;&#x439;. &#x412; &#x438;&#x441;&#x442;&#x43E;&#x440;&#x438;&#x44E; &#x43C;&#x43E;&#x440;&#x430;&#x43B;&#x44C;&#x43D;&#x43E;&#x439; &#x434;&#x435;&#x433;&#x440;&#x430;&#x434;&#x430;&#x446;&#x438;&#x438; &#x442;&#x430;&#x43B;&#x430;&#x43D;&#x442;&#x43B;&#x438;&#x432;&#x43E;&#x433;&#x43E; &#x432;&#x440;&#x430;&#x447;&#x430;-&#x43F;&#x441;&#x438;&#x445;&#x438;&#x430;&#x442;&#x440;&#x430; &#x43E;&#x43D; &#x432;&#x43B;&#x43E;&#x436;&#x438;&#x43B; &#x442;&#x435; &#x431;&#x43E;&#x43B;&#x44C; &#x438; &#x441;&#x442;&#x440;&#x430;&#x434;&#x430;&#x43D;&#x438;&#x44F;, &#x43A;&#x43E;&#x442;&#x43E;&#x440;&#x44B;&#x435; &#x441;&#x430;&#x43C; &#x43F;&#x435;&#x440;&#x435;&#x436;&#x438;&#x43B; &#x432; &#x431;&#x43E;&#x440;&#x44C;&#x431;&#x435; &#x441; &#x448;&#x438;&#x437;&#x43E;&#x444;&#x440;&#x435;&#x43D;&#x438;&#x435;&#x439; &#x441;&#x443;&#x43F;&#x440;&#x443;&#x433;&#x438;... &#x41D;&#x43E; &#x44D;&#x442;&#x430; &#x43A;&#x43D;&#x438;&#x433;&#x430; &#x43D;&#x435; &#x43E; &#x431;&#x43E;&#x43B;&#x435;&#x437;&#x43D;&#x438; &#x438;&#x43B;&#x438; &#x441;&#x43C;&#x435;&#x440;&#x442;&#x438; - &#x43E;&#x43D;&#x430; &#x43E; &#x43B;&#x44E;&#x431;&#x432;&#x438;</subfield>
  </datafield>
  <datafield tag="333" ind1=" " ind2=" ">
    <subfield code="a">16+</subfield>
  </datafield>
  <datafield tag="675" ind1=" " ind2=" ">
    <subfield code="a">821.111(73)-31</subfield>
    <subfield code="v">4</subfield>
  </datafield>
  <datafield tag="686" ind1="1" ind2=" ">
    <subfield code="a">&#x428;6(7&#x421;&#x428;&#x410;)67-440.4{&#x41B;&#x445;1978-50}</subfield>
  </datafield>
  <datafield tag="700" ind1=" " ind2="1">
    <subfield code="a">&#x424;&#x438;&#x446;&#x434;&#x436;&#x435;&#x440;&#x430;&#x43B;&#x44C;&#x434;</subfield>
    <subfield code="b">&#x424;. &#x421;.</subfield>
    <subfield code="f">1896-1940</subfield>
    <subfield code="g">&#x424;&#x440;&#x44D;&#x43D;&#x441;&#x438;&#x441; &#x421;&#x43A;&#x43E;&#x442;&#x442;</subfield>
    <subfield code="3">RU\NLR\AUTH\774722</subfield>
  </datafield>
  <datafield tag="942" ind1=" " ind2=" ">
    <subfield code="c">BOOK</subfield>
  </datafield>
  <datafield tag="980" ind1=" " ind2=" ">
    <subfield code="a">NB</subfield>
  </datafield>
  <datafield tag="995" ind1=" " ind2=" ">
    <subfield code="5">2022-12-07</subfield>
    <subfield code="a">ad</subfield>
    <subfield code="b">NLR01</subfield>
    <subfield code="c">NLR01</subfield>
    <subfield code="e">RF81</subfield>
    <subfield code="f">1-4075341</subfield>
    <subfield code="k">2022-5/12627</subfield>
    <subfield code="o">0</subfield>
    <subfield code="r">BOOK</subfield>
    <subfield code="s">2022512627_</subfield>
  </datafield>
  <datafield tag="995" ind1=" " ind2=" ">
    <subfield code="5">2022-12-07</subfield>
    <subfield code="a">ad</subfield>
    <subfield code="b">NLR01</subfield>
    <subfield code="c">NLR01</subfield>
    <subfield code="e">RF81</subfield>
    <subfield code="f">1-4075342</subfield>
    <subfield code="k">2022-5/12627</subfield>
    <subfield code="o">0</subfield>
    <subfield code="r">BOOK</subfield>
    <subfield code="s">2022512627_</subfield>
  </datafield>
</record>
